000 01107cam a2200337 a 4500
001 1443753
003 OSt
005 20211126091837.0
008 851119s1986 mauf b 001 0 eng
010 _a 85028664
020 _a0201111519 :
_c$18.95 (est.)
040 _aDLC
_cHU
_dDLC
043 _aa-ja---
050 1 0 _aHV6453.J33
_bY355 1986
082 0 0 _a364.1/06/052
_219
100 1 _aKaplan, David E.,
_d1955-
_920665
245 1 0 _aYakuza :
_bthe explosive account of Japan's criminal underworld /
_cDavid E. Kaplan and Alec Dubro.
260 _aReading, Mass. :
_bAddison-Wesley,
_cc1986.
300 _axi, 336 p., [20], p. of plates ;
_c25 cm.
500 _aIncludes index.
504 _aBibliography: p. 315-321.
590 _aIn English.
650 0 _aYakuza
_zJapan
_xHistory.
_920666
650 0 _aYakuza
_xHistory.
_920667
650 0 _aOrganized crime
_zJapan
_xHistory.
_920668
650 0 _aCrime
_zJapan
_xHistory.
_920669
650 0 _aGangs
_zJapan
_xHistory.
_920670
700 1 _aDubro, Alec.
_920671
906 _a7
_bcbc
_corignew
_d1
_eocip
_f19
_gy-gencatlg
942 _2ddc
_cBOOKS
_n0
999 _c20276
_d20276